Na opčnej burze vlani dominovali jednodňové termínové obchody Obchodovanie na Bratislavskej opčnej burze v roku 1994
Výsledky obchodovania s 3 druhmi finančných produktov na BOB v r.1994 (opcie, termínové obchody, jednodňové termínové obchody-JTO) spracované v tabuľkách a grafoch. TOP 20 najobchodovateľnejších akcií trhu JTO podľa obratu a objemu. JTO terčom kritiky zo strany MF SR.
Guardado en:
| Autor principal: | |
|---|---|
| Formato: | Capítulo de libro |
| Lenguaje: | eslovaco |
| Materias: | |
| Etiquetas: |
Sin Etiquetas, Sea el primero en etiquetar este registro!
|
MARC
| LEADER | 00000naa a2200000 4500 | ||
|---|---|---|---|
| 001 | r024360 | ||
| 005 | 20221205103019.1 | ||
| 041 | 0 | |a slo | |
| 044 | |a SK | ||
| 245 | 1 | 0 | |a Na opčnej burze vlani dominovali jednodňové termínové obchody |b Obchodovanie na Bratislavskej opčnej burze v roku 1994 |c J. Matyáš |
| 520 | |a Výsledky obchodovania s 3 druhmi finančných produktov na BOB v r.1994 (opcie, termínové obchody, jednodňové termínové obchody-JTO) spracované v tabuľkách a grafoch. TOP 20 najobchodovateľnejších akcií trhu JTO podľa obratu a objemu. JTO terčom kritiky zo strany MF SR. | ||
| 610 | 2 | 0 | |a BOB Bratislava |
| 610 | 2 | 0 | |a obchody burzové |
| 610 | 2 | 0 | |a údaje štatistické |
| 610 | 2 | 0 | |a 1994 |
| 610 | 2 | 0 | |a opcie |
| 610 | 2 | 0 | |a obchody opčné |
| 610 | 2 | 0 | |a obchody termínové |
| 100 | 1 | |a Matyáš, J. | |